000 00692nam a22002657a 4500
001 00790
003 DO-SdBNP
005 20230222115253.0
007 00790
008 160720b 1985 sp||||| |||| 00| 0 spa d
020 _a8472550680
040 _aBPMSU
_bspa
_cBPMSU
100 1 _aSamaniego, Félix María
_d1745-1801.
245 1 _aFábulas /
_cFélix María Samaniego
250 _a2a ed.
260 _aBarcelona :
_bVerón,
_c1985.
300 _a163 p. :
_bil.,
_c18 cm.
490 1 _aAedo
650 4 _aFábulas españolas
650 4 _aLiteratura epañola
830 0 _aAedo
942 _2ddc
_cBK
945 _aInventariado, 2018 / YL
956 _aBTAVÁREZ
_b10
_c20162007
_d00790
999 _c10977
_d10977